Gutemberg : 5to. centenario de la invención de la imprenta /
Guardado en:
| Formato: | Libro |
|---|---|
| Publicado: |
Bah¡a Blanca :
Panzini,
1940
|
| Materias: | |
| Etiquetas: |
Agregar Etiqueta
Sin Etiquetas, Sea el primero en etiquetar este registro!
|
| LEADER | 00495nam a22001695a 4500 | ||
|---|---|---|---|
| 001 | CEM.cems004877 | ||
| 005 | 20060217000000.0 | ||
| 008 | 130507s1940##################000#0#####d | ||
| 003 | CEMS | ||
| 082 | 0 | 4 | |a 655.1 |
| 245 | 0 | 0 | |a Gutemberg : |b 5to. centenario de la invención de la imprenta / |
| 260 | |a Bah¡a Blanca : |b Panzini, |c 1940 | ||
| 300 | |a s. p. | ||
| 653 | |a Bibliologia | ||
| 653 | |a Imprenta-historia | ||
| 653 | |a Imprenta-invencion | ||
| 859 | |a CEMS |b BIB. CEMS - 11 de abril |h 655.1 |i G982 |p 12096.83 |t Ej.1 | ||
